| 000 | 00000nam 2200000zi 4500 |
| 001 | 9.891091 |
| 003 | CaOODSP |
| 005 | 20221107172801 |
| 006 | m o d f |
| 007 | cr cn||||||||| |
| 008 | 200901s2019 pic o f000 0 fre d |
| 040 | |aCaOODSP|bfre|erda|cCaOODSP |
| 043 | |an-cn--- |
| 045 | |ay1y1 |
| 086 | 1 |aV3-2/13-2019F-PDF |
| 245 | 03|aLa sécurité financière des vétérans au Canada. |
| 264 | 1|a[Charlottetown, Î.-P.-É.] : |bDirection de la recherche d'Anciens combattants Canada, |c2019. |
| 300 | |a1 ressource en ligne (1 page). |
| 336 | |atexte|btxt|2rdacontent/fre |
| 337 | |ainformatique|bc|2rdamedia/fre |
| 338 | |aressource en ligne|bcr|2rdacarrier/fre |
| 490 | 1 |aDocument d'information |
| 500 | |aPublié aussi en anglais sous le titre : Financial security among veterans in Canada. |
| 500 | |a« Septembre 2019. » |
| 500 | |aPublié aussi en format HTML. |
| 650 | 6|aAnciens combattants|zCanada|xFinances personnelles. |
| 710 | 1 |aCanada. |bAnciens combattants Canada. |bDirection de la recherche, |eorganisme de publication. |
| 775 | 08|tFinancial security among veterans in Canada.|w(CaOODSP)9.891088 |
| 830 | #0|aExposé d'information (Canada. Anciens combattants Canada. Direction de la recherche)|w(CaOODSP)9.877122 |
| 856 | 40|qPDF|s117 Ko|uhttps://publications.gc.ca/collections/collection_2020/acc-vac/V3-2-13-2019-fra.pdf |
| 856 | 4 |qHTML|sS.O.|uhttps://www.veterans.gc.ca/fra/about-vac/research/research-directorate/info-briefs/financial-security |